Malaysia furniture 2000 [
| Format: | Book |
|---|---|
| Published: |
Petaling Jaya, Selangor:
Far East Media,
2000.
|
| Subjects: |
| LEADER | 00465cam a2200133 7i4500 | ||
|---|---|---|---|
| 001 | 0000008069 | ||
| 005 | 20000818090000.0 | ||
| 090 | 0 | 0 | |a CD-ROM 132 |b MAL |
| 245 | 0 | 0 | |a Malaysia furniture 2000 [ |m electronic resource]. |
| 260 | 0 | 0 | |a Petaling Jaya, Selangor: |b Far East Media, |c 2000. |
| 300 | # | # | |a Electronic computer optical disc (CD-ROM). |
| 650 | 0 | 0 | |a Furniture -- |x Directories -- |z Malaysia |
| 651 | 0 | 0 | |a Malaysia |
| 999 | |a 0000011642 |b CD-ROM |c AV Collection |e Business Information Centre | ||